<?xml version="1.0" encoding="UTF-8"?>
<record
    xmlns:xsi="http://www.w3.org/2001/XMLSchema-instance"
    xsi:schemaLocation="http://www.loc.gov/MARC21/slim http://www.loc.gov/standards/marcxml/schema/MARC21slim.xsd"
    xmlns="http://www.loc.gov/MARC21/slim">

  <leader>01697nam a2200265 a 4500</leader>
  <controlfield tag="001">000000783</controlfield>
  <controlfield tag="005">20200929145415.0</controlfield>
  <controlfield tag="008">090509s2007    dr ab         000 0 spa d</controlfield>
  <datafield tag="020" ind1=" " ind2=" ">
    <subfield code="a">9789945161427</subfield>
  </datafield>
  <datafield tag="040" ind1=" " ind2=" ">
    <subfield code="a">DO-SdBNP</subfield>
    <subfield code="b">spa</subfield>
    <subfield code="c">BNPHU</subfield>
  </datafield>
  <datafield tag="082" ind1=" " ind2=" ">
    <subfield code="a">333.913</subfield>
    <subfield code="b">S715s</subfield>
  </datafield>
  <datafield tag="100" ind1="1" ind2=" ">
    <subfield code="a">Sosa Valerio, Ariosto Antonio</subfield>
    <subfield code="9">2705</subfield>
  </datafield>
  <datafield tag="245" ind1="1" ind2="0">
    <subfield code="a">Sistemas de riego a presi&#xF3;n /</subfield>
    <subfield code="c">Ariosto Antonio Sosa Valerio.</subfield>
  </datafield>
  <datafield tag="260" ind1=" " ind2=" ">
    <subfield code="a">Santo Domingo :</subfield>
    <subfield code="b">CONIAF,</subfield>
    <subfield code="c">2007.</subfield>
  </datafield>
  <datafield tag="300" ind1=" " ind2=" ">
    <subfield code="a">139 p. :</subfield>
    <subfield code="b">il., tab. ;</subfield>
    <subfield code="c">22 cm.</subfield>
  </datafield>
  <datafield tag="500" ind1=" " ind2=" ">
    <subfield code="a">Incluye datos biogr&#xE1;ficos del autor en la contracubierta</subfield>
  </datafield>
  <datafield tag="504" ind1=" " ind2=" ">
    <subfield code="a">Bibliograf&#xED;a : p. 138-139</subfield>
  </datafield>
  <datafield tag="505" ind1="0" ind2=" ">
    <subfield code="t">Agradecimientos --</subfield>
    <subfield code="t">Dedicatoria --</subfield>
    <subfield code="t">Pr&#xF3;logo --</subfield>
    <subfield code="t">Introducci&#xF3;n --</subfield>
    <subfield code="t">Objetivos: generales y espec&#xED;ficos --</subfield>
    <subfield code="g">1.</subfield>
    <subfield code="t">Evapotranspiraci&#xF3;n o uso consuntivo --</subfield>
    <subfield code="t">Autoevaluaci&#xF3;n --</subfield>
    <subfield code="g">2.</subfield>
    <subfield code="t">Balance h&#xED;drico y necesidad de riego --</subfield>
    <subfield code="t">Autoevaluci&#xF3;n --</subfield>
    <subfield code="g">3.</subfield>
    <subfield code="t">Almacenaje de agua en los suelos --</subfield>
    <subfield code="t">Autoevaluci&#xF3;n --</subfield>
    <subfield code="g">4.</subfield>
    <subfield code="t">Sistema de agua a presi&#xF3;n -- Autoevaluci&#xF3;n --</subfield>
    <subfield code="g">5.</subfield>
    <subfield code="t">Riego por aspersi&#xF3;n --</subfield>
    <subfield code="t">Autoevaluci&#xF3;n --</subfield>
    <subfield code="g">6.</subfield>
    <subfield code="t">Riego por microaspersi&#xF3;n --</subfield>
    <subfield code="t">Autoevaluci&#xF3;n --</subfield>
    <subfield code="g">7.</subfield>
    <subfield code="t">Riego por goteo --</subfield>
    <subfield code="t">Autoevaluci&#xF3;n --</subfield>
    <subfield code="g">8.</subfield>
    <subfield code="t">Componentes del reigo por goteo --</subfield>
    <subfield code="t">A.</subfield>
    <subfield code="t">El cabezal o centro de mando --</subfield>
    <subfield code="g">B.</subfield>
    <subfield code="t">L&#xED;neas de conducci&#xF3;n y distribuci&#xF3;n --</subfield>
    <subfield code="t">Autoevaluci&#xF3;n --</subfield>
    <subfield code="g">9.</subfield>
    <subfield code="t">Filtraci&#xF3;n --</subfield>
    <subfield code="t">Autoevaluci&#xF3;n --</subfield>
    <subfield code="g">10.</subfield>
    <subfield code="t">Fertirriego --</subfield>
    <subfield code="t">Autoevaluci&#xF3;n --</subfield>
    <subfield code="t">Bibliograf&#xED;a.</subfield>
  </datafield>
  <datafield tag="590" ind1=" " ind2=" ">
    <subfield code="a">Inventariado, 2018/LP</subfield>
  </datafield>
  <datafield tag="650" ind1=" " ind2="4">
    <subfield code="a">Riego por aspersi&#xF3;n</subfield>
    <subfield code="9">2706</subfield>
  </datafield>
  <datafield tag="650" ind1=" " ind2="4">
    <subfield code="a">Riego por aspersi&#xF3;n</subfield>
    <subfield code="x">Evaluaci&#xF3;n</subfield>
    <subfield code="9">2707</subfield>
  </datafield>
  <datafield tag="650" ind1=" " ind2="4">
    <subfield code="a">Riego</subfield>
    <subfield code="9">2708</subfield>
  </datafield>
  <datafield tag="710" ind1="2" ind2=" ">
    <subfield code="a">Consejo Nacional de Investigaciones Agropecuarias y Forestales. Instituto Polit&#xE9;cnico Loyola (Rep&#xFA;blica Dominicana)</subfield>
    <subfield code="9">2709</subfield>
  </datafield>
  <datafield tag="910" ind1=" " ind2=" ">
    <subfield code="a">Validado. Control de calidad BNPHU</subfield>
  </datafield>
  <datafield tag="952" ind1=" " ind2=" ">
    <subfield code="0">0</subfield>
    <subfield code="1">0</subfield>
    <subfield code="5">4</subfield>
    <subfield code="7">5</subfield>
    <subfield code="8">DS</subfield>
    <subfield code="a">BNPHU</subfield>
    <subfield code="b">BNPHU</subfield>
    <subfield code="c">HD</subfield>
    <subfield code="d">2009-07-01</subfield>
    <subfield code="i">LF1</subfield>
    <subfield code="l">0</subfield>
    <subfield code="o">333.913 S715s</subfield>
    <subfield code="p">783-30</subfield>
    <subfield code="r">2020-06-25</subfield>
    <subfield code="t">e. 3</subfield>
    <subfield code="w">2020-06-25</subfield>
    <subfield code="y">LF1</subfield>
    <subfield code="Z">Pr&#xE9;stamo en sala</subfield>
  </datafield>
  <datafield tag="952" ind1=" " ind2=" ">
    <subfield code="0">0</subfield>
    <subfield code="1">0</subfield>
    <subfield code="5">4</subfield>
    <subfield code="7">5</subfield>
    <subfield code="8">DS</subfield>
    <subfield code="a">BNPHU</subfield>
    <subfield code="b">BNPHU</subfield>
    <subfield code="c">HD</subfield>
    <subfield code="d">2017-05-08</subfield>
    <subfield code="i">LF1</subfield>
    <subfield code="l">0</subfield>
    <subfield code="o">333.913 S715s</subfield>
    <subfield code="p">783-40</subfield>
    <subfield code="r">2020-06-25</subfield>
    <subfield code="t">e. 4</subfield>
    <subfield code="w">2020-06-25</subfield>
    <subfield code="y">LF1</subfield>
    <subfield code="Z">Pr&#xE9;stamo en sala</subfield>
  </datafield>
  <datafield tag="952" ind1=" " ind2=" ">
    <subfield code="0">0</subfield>
    <subfield code="1">0</subfield>
    <subfield code="5">4</subfield>
    <subfield code="7">5</subfield>
    <subfield code="8">DS</subfield>
    <subfield code="a">BNPHU</subfield>
    <subfield code="b">BNPHU</subfield>
    <subfield code="c">HD</subfield>
    <subfield code="d">2017-05-08</subfield>
    <subfield code="i">LF1</subfield>
    <subfield code="l">0</subfield>
    <subfield code="o">333.913 S715s</subfield>
    <subfield code="p">783-50</subfield>
    <subfield code="r">2020-06-25</subfield>
    <subfield code="t">e. 5</subfield>
    <subfield code="w">2020-06-25</subfield>
    <subfield code="y">LF1</subfield>
    <subfield code="Z">Pr&#xE9;stamo en sala</subfield>
  </datafield>
  <datafield tag="952" ind1=" " ind2=" ">
    <subfield code="0">0</subfield>
    <subfield code="1">0</subfield>
    <subfield code="7">2</subfield>
    <subfield code="8">PD</subfield>
    <subfield code="a">BNPHU</subfield>
    <subfield code="b">BNPHU</subfield>
    <subfield code="c">HD</subfield>
    <subfield code="d">2009-07-01</subfield>
    <subfield code="i">LF1</subfield>
    <subfield code="l">0</subfield>
    <subfield code="o">333.913 S715s</subfield>
    <subfield code="p">783-10</subfield>
    <subfield code="r">2020-06-25</subfield>
    <subfield code="w">2020-06-25</subfield>
    <subfield code="y">LF1</subfield>
    <subfield code="Z">No se presta</subfield>
  </datafield>
  <datafield tag="952" ind1=" " ind2=" ">
    <subfield code="0">0</subfield>
    <subfield code="1">0</subfield>
    <subfield code="7">2</subfield>
    <subfield code="8">PD</subfield>
    <subfield code="a">BNPHU</subfield>
    <subfield code="b">BNPHU</subfield>
    <subfield code="c">HD</subfield>
    <subfield code="d">2009-07-01</subfield>
    <subfield code="i">LF1</subfield>
    <subfield code="l">0</subfield>
    <subfield code="o">333.913 S715s</subfield>
    <subfield code="p">783-20</subfield>
    <subfield code="r">2020-06-25</subfield>
    <subfield code="t">e. 2</subfield>
    <subfield code="w">2020-06-25</subfield>
    <subfield code="y">LF1</subfield>
    <subfield code="Z">No se presta</subfield>
  </datafield>
  <datafield tag="999" ind1=" " ind2=" ">
    <subfield code="c">779</subfield>
    <subfield code="d">779</subfield>
  </datafield>
</record>
